[Event "8. Magistral Comunic"]
[Site "Sao Paulo BRA"]
[Date "2004.10.14"]
[Round "1.1"]
[White "Rodi, Luis Ernesto"]
[Black "Fernandez, Daniel"]
[Result "0-1"]
[WhiteElo "2297"]
[BlackElo "2391"]
[PlyCount "87"]
[EventDate "2004.10.14"]
[Source "lmi"]
[SourceDate "2004.10.22"]

1. f4 d5 2. Nf3 Nf6 3. g3 g6 4. Bg2 Bg7 5. d3 O-O 6. O-O c5 7. Nc3 b6 8. e4
dxe4 9. dxe4 Bb7 10. e5 Nfd7 11. e6 fxe6 12. Ng5 Bd4+ 13. Kh1 Qc8 14. Qe2 e5
15. Nd5 Nc6 16. c3 Ba6 17. Qg4 Bxf1 18. Bxf1 Nf6 19. Qh4 h5 20. Bc4 Kh8 21.
cxd4 Nxd4 22. fxe5 Nxd5 23. Qe4 Nb4 24. Nf7+ Kh7 25. Qe3 Qc6+ 26. Kg1 Nf5 27.
Qf4 b5 28. Ng5+ Kh8 29. Bf1 Nd4 30. Qe4 Nf3+ 31. Kg2 Nxe5 32. Qxc6 Nbxc6 33.
Bxb5 Nd4 34. Ba4 Nd3 35. Be3 Nxb2 36. Bd7 Nc4 37. Bg1 Nb6 38. Be6 Nxe6 39. Nxe6
Rf6 40. Nxc5 Rd8 41. Re1 Rd2+ 42. Kh3 Nd5 43. a4 g5 44. Ne6 0-1

[Event "8. Magistral Comunic"]
[Site "Sao Paulo BRA"]
[Date "2004.10.14"]
[Round "1.2"]
[White "Santos, Marcus Vinicius"]
[Black "Matsuura, Everaldo"]
[Result "0-1"]
[WhiteElo "2334"]
[BlackElo "2474"]
[PlyCount "78"]
[EventDate "2004.10.14"]
[Source "lmi"]
[SourceDate "2004.10.22"]

1. d4 Nf6 2. c4 g6 3. f3 Bg7 4. e4 O-O 5. Nc3 d6 6. Bg5 c5 7. d5 e6 8. Qd2 exd5
9. cxd5 a6 10. a4 h6 11. Be3 Re8 12. Be2 h5 13. Bd1 Nbd7 14. Bc2 Rb8 15. a5 b5
16. Nge2 Ne5 17. b3 b4 18. Nd1 Rb5 19. O-O Rxa5 20. Rb1 Bd7 21. Bg5 Bb5 22. Re1
Qc7 23. f4 Ned7 24. Ng3 Ra2 25. e5 dxe5 26. f5 e4 27. Nf2 c4 28. fxg6 fxg6 29.
d6 Qc5 30. Be3 c3 31. Qc1 Qxd6 32. Nfxe4 Nxe4 33. Nxe4 Qd5 34. Bf2 Bc6 35. Ra1
Rxc2 36. Qxc2 Rxe4 37. Rxe4 Qxe4 38. Qxe4 Bxe4 39. Rxa6 c2 0-1

[Event "8. Magistral Comunic"]
[Site "Sao Paulo BRA"]
[Date "2004.10.14"]
[Round "1.3"]
[White "Tsuboi, Edson Kenji"]
[Black "De Souza, Mauro Guimaraes"]
[Result "1/2-1/2"]
[WhiteElo "2387"]
[BlackElo "2373"]
[PlyCount "62"]
[EventDate "2004.10.14"]
[Source "lmi"]
[SourceDate "2004.10.22"]

1. e4 e5 2. Nf3 Nc6 3. Bb5 a6 4. Ba4 Nf6 5. O-O Be7 6. Re1 b5 7. Bb3 d6 8. c3
O-O 9. h3 Nb8 10. d4 Nbd7 11. Nbd2 Bb7 12. Bc2 Re8 13. Nf1 Bf8 14. Ng3 g6 15.
a4 c5 16. d5 c4 17. Bg5 h6 18. Be3 Nc5 19. Qd2 h5 20. Ra2 Qc7 21. Rea1 Nfd7 22.
Qd1 Be7 23. Nd2 Nf6 24. Qf3 Rab8 25. Bh6 Kh7 26. Bg5 Kg7 27. Be3 Bc8 28. axb5
axb5 29. Qd1 Bf8 30. Qf1 Kg8 31. Kh2 Bg7 1/2-1/2

[Event "8. Magistral Comunic"]
[Site "Sao Paulo BRA"]
[Date "2004.10.14"]
[Round "1.4"]
[White "Haro de Souza, Paulo Cezar"]
[Black "Crosa, Martin"]
[Result "0-1"]
[WhiteElo "2263"]
[BlackElo "2400"]
[PlyCount "78"]
[EventDate "2004.10.14"]
[Source "lmi"]
[SourceDate "2004.10.22"]

1. d4 Nf6 2. Nc3 d5 3. Bg5 e6 4. Nf3 Be7 5. Bxf6 Bxf6 6. e4 g6 7. Qd2 Bg7 8. h4
O-O 9. O-O-O dxe4 10. Nxe4 Qd5 11. Nc3 Qa5 12. h5 c5 13. hxg6 hxg6 14. Qg5 Nc6
15. Ne4 Qd8 16. Qxc5 Bd7 17. Ne5 Rc8 18. Qd6 Nxe5 19. dxe5 Bc6 20. Qxd8 Rfxd8
21. Nd6 Bxe5 22. Nc4 Rxd1+ 23. Kxd1 Rd8+ 24. Ke1 Bf4 25. Rh3 b5 26. Ne3 a6 27.
g3 Bg5 28. f4 Bf6 29. c3 b4 30. Ng4 Bg7 31. Ne5 bxc3 32. bxc3 Bb7 33. g4 g5 34.
Nd3 Bxc3+ 35. Kd1 gxf4 36. Kc2 Rc8 37. Kb3 Bd5+ 38. Ka3 Bd2 39. Ne5 Rc2 0-1

[Event "8. Magistral Comunic"]
[Site "Sao Paulo BRA"]
[Date "2004.10.14"]
[Round "1.5"]
[White "Sega, Carlos Alberto"]
[Black "D'Israel, Davy Maurice"]
[Result "1/2-1/2"]
[WhiteElo "2327"]
[BlackElo "2267"]
[PlyCount "36"]
[EventDate "2004.10.14"]
[Source "lmi"]
[SourceDate "2004.10.22"]

1. d4 Nf6 2. Nf3 e6 3. g3 c5 4. Bg2 Nc6 5. O-O d5 6. c4 dxc4 7. Ne5 Nxe5 8.
dxe5 Nd7 9. Na3 Be7 10. Nxc4 O-O 11. Qc2 Rb8 12. a4 b6 13. Qe4 Ba6 14. b3 Qc7
15. Bb2 Bb7 16. Qg4 Bxg2 17. Kxg2 Qc6+ 18. Kg1 f5 1/2-1/2

[Event "8. Magistral Comunic"]
[Site "Sao Paulo BRA"]
[Date "2004.10.15"]
[Round "2.1"]
[White "Fernandez, Daniel"]
[Black "D'Israel, Davy Maurice"]
[Result "1-0"]
[WhiteElo "2391"]
[BlackElo "2267"]
[PlyCount "71"]
[EventDate "2004.10.14"]
[Source "lmi"]
[SourceDate "2004.10.22"]

1. e4 c5 2. Nf3 Nc6 3. d4 cxd4 4. Nxd4 Nf6 5. Nc3 e5 6. Ndb5 d6 7. Bg5 a6 8.
Na3 b5 9. Bxf6 gxf6 10. Nd5 Bg7 11. c3 Ne7 12. Nc2 f5 13. exf5 Bxf5 14. Nce3
Be6 15. g3 Nxd5 16. Nxd5 O-O 17. Bg2 Rb8 18. O-O Kh8 19. Qd2 Qd7 20. Rfd1 Bg4
21. f3 Be6 22. f4 Bg4 23. Rf1 f5 24. fxe5 dxe5 25. h3 Bh5 26. Qg5 Bg6 27. Rad1
Qa7+ 28. Kh1 Rbe8 29. Qh4 Rf7 30. a4 Qb8 31. a5 Rd7 32. Nf4 Rxd1 33. Nxg6+ Kg8
34. Rxd1 hxg6 35. Bd5+ Kf8 36. Qh7 1-0

[Event "8. Magistral Comunic"]
[Site "Sao Paulo BRA"]
[Date "2004.10.15"]
[Round "2.2"]
[White "Crosa, Martin"]
[Black "Sega, Carlos Alberto"]
[Result "0-1"]
[WhiteElo "2400"]
[BlackElo "2327"]
[PlyCount "152"]
[EventDate "2004.10.14"]
[Source "lmi"]
[SourceDate "2004.10.22"]

1. e4 e5 2. Nf3 Nf6 3. Nxe5 d6 4. Nf3 Nxe4 5. Qe2 Qe7 6. d3 Nf6 7. Bg5 Nbd7 8.
Nc3 h6 9. Bf4 Qxe2+ 10. Bxe2 g6 11. O-O-O Bg7 12. h3 Nb6 13. Rhe1 O-O 14. Bf1
Bd7 15. Ne4 Nfd5 16. Bd2 Na4 17. c3 b5 18. d4 Nab6 19. Bd3 Nc4 20. Bxc4 bxc4
21. Re2 Rfe8 22. Rde1 f5 23. Ng3 Rxe2 24. Nxe2 Kf7 25. b3 Nb6 26. Nf4 g5 27.
Nh5 Bh8 28. Ng3 Bf6 29. Kb2 a5 30. Bc1 cxb3 31. axb3 a4 32. bxa4 Bxa4 33. Nd2
Kg6 34. Ne2 Re8 35. Nf3 Nc4+ 36. Ka2 Bc2 37. Nf4+ Kf7 38. Rxe8 Kxe8 39. Nd5 Bd8
40. Nb4 Be4 41. Ne1 c5 42. f3 cxb4 43. fxe4 fxe4 44. cxb4 Kd7 45. Kb3 Nb6 46.
b5 Ke6 47. Nc2 Nd5 48. g3 Bb6 49. Bd2 Nf6 50. h4 gxh4 51. gxh4 h5 52. Bg5 Nd7
53. Kc3 Ba5+ 54. Kb3 Kd5 55. Be3 Nf6 56. Ka4 Bb6 57. Kb3 Ba5 58. Ka4 Bd8 59.
Bg5 Kc4 60. b6 Bxb6 61. Bxf6 Kc3 62. Na3 e3 63. d5+ Kd3 64. Nb5 e2 65. Bc3 Bf2
66. Kb3 Bg3 67. Bb4 Bxh4 68. Nc7 Bg3 69. Ne6 h4 70. Ng5 e1=Q 71. Bxe1 Bxe1 72.
Nh3 Bd2 73. Ng1 Be3 74. Nh3 Ke2 75. Kc4 Kf1 76. Kd3 Bc1 0-1

[Event "8. Magistral Comunic"]
[Site "Sao Paulo BRA"]
[Date "2004.10.15"]
[Round "2.3"]
[White "De Souza, Mauro Guimaraes"]
[Black "Haro de Souza, Paulo Cezar"]
[Result "1/2-1/2"]
[WhiteElo "2373"]
[BlackElo "2263"]
[PlyCount "92"]
[EventDate "2004.10.14"]
[Source "lmi"]
[SourceDate "2004.10.22"]

1. d4 Nc6 2. Nf3 d5 3. c4 Bg4 4. Nc3 e6 5. Bg5 f6 6. Bh4 Nh6 7. e3 Nf5 8. Bg3
h5 9. h3 Nxg3 10. fxg3 Bxf3 11. Qxf3 Bb4 12. Bd3 Ne7 13. a3 Bxc3+ 14. bxc3 c6
15. cxd5 exd5 16. Rb1 Qc7 17. O-O O-O-O 18. g4 hxg4 19. Qxg4+ Kb8 20. Rf3 Nc8
21. e4 dxe4 22. Bxe4 Nd6 23. Bd3 Rde8 24. Qf4 Re7 25. Re3 Rxe3 26. Qxe3 Re8 27.
Qf2 Qe7 28. Bg6 Rd8 29. Re1 Qc7 30. Bd3 a6 31. Qb2 Ka7 32. Qb4 Re8 33. Rxe8
Nxe8 34. Qc5+ Qb6 35. Qe7 Nc7 36. Qxg7 Nd5 37. Bc4 Qb1+ 38. Bf1 Qb2 39. Qf8 Kb6
40. Qc5+ Kc7 41. h4 Qd2 42. Qf8 Qe3+ 43. Kh2 Qf4+ 44. Kg1 Qe3+ 45. Kh2 Qf4+ 46.
Kg1 Qe3+ 1/2-1/2

[Event "8. Magistral Comunic"]
[Site "Sao Paulo BRA"]
[Date "2004.10.15"]
[Round "2.5"]
[White "Rodi, Luis Ernesto"]
[Black "Santos, Marcus Vinicius"]
[Result "1/2-1/2"]
[WhiteElo "2297"]
[BlackElo "2334"]
[PlyCount "91"]
[EventDate "2004.10.14"]
[Source "lmi"]
[SourceDate "2004.10.22"]

1. e4 e5 2. f4 Nc6 3. Nf3 f5 4. exf5 e4 5. Ne5 Nxe5 6. fxe5 Qe7 7. Qh5+ Kd8 8.
Bc4 Qxe5 9. Bxg8 g6 10. Qh3 Rxg8 11. Qxh7 Rh8 12. Qxg6 d5 13. Rf1 Rxh2 14. Nc3
c6 15. d4 exd3+ 16. Kd1 dxc2+ 17. Kxc2 Bd6 18. Bg5+ Kc7 19. Rae1 Rxg2+ 20. Kb1
Rf2 21. Qf7+ Bd7 22. Nxd5+ Qxd5 23. Qxd5 Rxf1 24. Qxd6+ Kxd6 25. Be7+ Kd5 26.
Rxf1 Ke5 27. f6 Ke6 28. Bb4 Kf7 29. Bc3 Rh8 30. Kc1 Be6 31. Rg1 Rg8 32. Rh1 Bf5
33. Kd2 Re8 34. Rh4 b6 35. Rf4 Bg6 36. a3 Re4 37. Rf2 c5 38. Rh2 Re8 39. Rh4
Re4 40. Rh8 Re8 41. Rxe8 Kxe8 42. Be5 Kd7 43. Ke3 Ke6 44. Kf4 b5 45. Bc3 b4 46.
axb4 1/2-1/2

[Event "8. Magistral Comunic"]
[Site "Sao Paulo BRA"]
[Date "2004.10.16"]
[Round "3.1"]
[White "Santos, Marcus Vinicius"]
[Black "Fernandez, Daniel"]
[Result "1-0"]
[WhiteElo "2334"]
[BlackElo "2391"]
[PlyCount "149"]
[EventDate "2004.10.14"]
[Source "lmi"]
[SourceDate "2004.10.22"]

1. d4 d5 2. c4 e6 3. Nc3 c6 4. e3 Nf6 5. Nf3 Nbd7 6. Bd3 dxc4 7. Bxc4 b5 8. Bd3
Bb7 9. e4 b4 10. Na4 c5 11. e5 Nd5 12. O-O cxd4 13. Re1 Be7 14. Nxd4 O-O 15.
Qg4 Kh8 16. Bd2 Qa5 17. b3 Nc5 18. Nxc5 Bxc5 19. Qh4 g6 20. Nf3 Qd8 21. Bg5 Qb6
22. Be4 Rfc8 23. Rad1 Nc3 24. Bf6+ Kg8 25. Ng5 h5 26. Nxf7 Nxe4 27. Rxe4 Bxf2+
28. Qxf2 Bxe4 29. Qxb6 axb6 30. Rd7 Kf8 31. Nd6 Rc1+ 32. Kf2 Rc3 33. Nxe4 Rxa2+
34. Rd2 Rcc2 35. Ke2 Ke8 36. Kd3 Rxd2+ 37. Nxd2 Kd7 38. Bg5 b5 39. h4 Kc6 40.
Be7 Kd5 41. Bxb4 Kxe5 42. g3 Kf5 43. Ke3 Rc2 44. Nf3 e5 45. Nd2 Kg4 46. Kd3 Rc8
47. Nf1 Kf3 48. Nd2+ Kxg3 49. Be7 Kf4 50. Bg5+ Kf5 51. Ne4 Rc6 52. b4 Kg4 53.
Nc3 Kf3 54. Nxb5 e4+ 55. Kd4 Re6 56. Kd5 Re8 57. Nd4+ Kg4 58. b5 e3 59. b6 e2
60. Nxe2 Rxe2 61. b7 Rb2 62. Kc6 Rc2+ 63. Kd7 Rb2 64. Kc8 Rc2+ 65. Kb8 Ra2 66.
Bd8 Rb2 67. Ka7 Ra2+ 68. Kb6 Rb2+ 69. Kc6 Rc2+ 70. Kd7 Rb2 71. Kc8 Rc2+ 72. Kb8
Rb2 73. Be7 Re2 74. Bf6 Re1 75. Ka8 1-0

[Event "8. Magistral Comunic"]
[Site "Sao Paulo BRA"]
[Date "2004.10.16"]
[Round "3.2"]
[White "Tsuboi, Edson Kenji"]
[Black "Rodi, Luis Ernesto"]
[Result "0-1"]
[WhiteElo "2387"]
[BlackElo "2297"]
[PlyCount "126"]
[EventDate "2004.10.14"]
[Source "lmi"]
[SourceDate "2004.10.22"]

1. e4 e5 2. Nf3 Nc6 3. Bc4 Bc5 4. c3 Qe7 5. d4 Bb6 6. Bg5 Nf6 7. d5 Nd8 8. d6
Qxd6 9. Qxd6 cxd6 10. Bxf6 gxf6 11. Nh4 Bc7 12. Na3 a6 13. Nc2 b5 14. Bd5 Bb7
15. Bxb7 Nxb7 16. Ne3 Nc5 17. Nd5 Kd8 18. O-O-O Nxe4 19. Rhe1 Nxf2 20. Rd2 Ng4
21. h3 Nh6 22. Nxf6 Kc8 23. Rf1 Bd8 24. Rxd6 Be7 25. Rd5 d6 26. Kb1 Ra7 27. g4
Rc7 28. g5 Rc4 29. Ng2 Ng8 30. Nxg8 Rxg8 31. Rxf7 Rxg5 32. Rxe7 Rxg2 33. Rxd6
Re4 34. Red7 Re1+ 35. Rd1 Rxd1+ 36. Rxd1 Kc7 37. Rd5 Re2 38. Kc1 Kc6 39. Rd2
Re3 40. Rh2 Kd5 41. Kd2 Rg3 42. h4 h5 43. Ke2 e4 44. Rf2 Ke5 45. Rf8 Rh3 46.
Re8+ Kd5 47. Rd8+ Kc6 48. Rc8+ Kb7 49. Re8 Rxh4 50. Ke3 Rh2 51. b4 Rh3+ 52.
Kxe4 Rxc3 53. Kd5 Rc8 54. Re5 Rh8 55. Re7+ Kb8 56. Re6 h4 57. Re2 h3 58. Rh2
Kc7 59. a3 Rh4 60. Ke5 Kc6 61. Ke6 Re4+ 62. Kf5 Re3 63. Rc2+ Kd5 0-1

[Event "8. Magistral Comunic"]
[Site "Sao Paulo BRA"]
[Date "2004.10.16"]
[Round "3.3"]
[White "Haro de Souza, Paulo Cezar"]
[Black "Matsuura, Everaldo"]
[Result "1-0"]
[WhiteElo "2263"]
[BlackElo "2474"]
[PlyCount "125"]
[EventDate "2004.10.14"]
[Source "lmi"]
[SourceDate "2004.10.22"]

1. d4 c5 2. d5 Nf6 3. Nc3 d6 4. e4 g6 5. f4 Bg7 6. Bb5+ Nfd7 7. a4 O-O 8. Nf3
Na6 9. O-O Nc7 10. Bc4 a6 11. Re1 Rb8 12. a5 b5 13. axb6 Nxb6 14. Bf1 e6 15.
dxe6 Bxe6 16. e5 d5 17. Bd2 Bc8 18. b3 Bb7 19. Qc1 f5 20. Qd1 Ra8 21. Na4 Nxa4
22. Rxa4 Ne6 23. Kh1 Qb6 24. Qa1 Bh6 25. Qc1 Kh8 26. h4 Bc6 27. Ra2 Kg7 28. g3
d4 29. Bg2 Be4 30. Rxe4 fxe4 31. Ng5 Bxg5 32. hxg5 e3 33. Ba5 Qa7 34. Qg1 Rae8
35. Qh2 Kh8 36. Bd5 Nxg5 37. Ra1 Qd7 38. Qg2 Rb8 39. Bc6 Qc8 40. Rf1 Nh3 41.
Be1 e2 42. Rg1 Nxg1 43. Kxg1 c4 44. Bd5 cxb3 45. cxb3 d3 46. e6 Qc1 47. Qf2 Rb4
48. Kh2 d2 49. Qe3 h5 50. e7 Re8 51. Qe5+ Kh7 52. Qf6 Rbb8 53. f5 Rg8 54. Bxg8+
Rxg8 55. e8=Q Rxe8 56. Qxg6+ Kh8 57. Qxe8+ Kg7 58. Qd7+ Kf6 59. Qe6+ Kg7 60.
Qd7+ Kf6 61. Qxd2 Qd1 62. Kg2 Kxf5 63. b4 1-0

[Event "8. Magistral Comunic"]
[Site "Sao Paulo BRA"]
[Date "2004.10.16"]
[Round "3.4"]
[White "Sega, Carlos Alberto"]
[Black "De Souza, Mauro Guimaraes"]
[Result "0-1"]
[WhiteElo "2327"]
[BlackElo "2373"]
[PlyCount "72"]
[EventDate "2004.10.14"]
[Source "lmi"]
[SourceDate "2004.10.22"]

1. d4 Nf6 2. Nf3 e6 3. g3 c5 4. Bg2 cxd4 5. O-O Nc6 6. Nxd4 Qb6 7. Nb3 d5 8.
Nc3 Be7 9. e4 d4 10. Ne2 e5 11. c3 dxc3 12. Nxc3 Bg4 13. Nd5 Bxd1 14. Nxb6 Rd8
15. Nd5 Be2 16. Re1 Bc4 17. Nxe7 Kxe7 18. Be3 Nd7 19. Rec1 Be6 20. f4 f6 21. f5
Bxb3 22. axb3 Rc8 23. Bf1 a6 24. Bc4 Rc7 25. Be6 Rhc8 26. Ra4 Nd4 27. Rxc7 Rxc7
28. Bxd4 exd4 29. Rxd4 Ne5 30. Rd1 Rc2 31. h4 Rxb2 32. g4 h6 33. g5 hxg5 34.
hxg5 fxg5 35. Rc1 Nf3+ 36. Kf1 g4 0-1

[Event "8. Magistral Comunic"]
[Site "Sao Paulo BRA"]
[Date "2004.10.20"]
[Round "3.5"]
[White "D'Israel, Davy Maurice"]
[Black "Crosa, Martin"]
[Result "1/2-1/2"]
[WhiteElo "2267"]
[BlackElo "2400"]
[PlyCount "93"]
[EventDate "2004.10.14"]
[Source "lmi"]
[SourceDate "2004.10.22"]

1. d4 Nf6 2. c4 g6 3. Nc3 Bg7 4. e4 d6 5. f3 O-O 6. Be3 e5 7. d5 c6 8. Qd2 cxd5
9. cxd5 Nh5 10. Bd3 f5 11. Nge2 a6 12. h3 f4 13. Bf2 Bf6 14. O-O-O Bh4 15. Qe1
Bxf2 16. Qxf2 Nd7 17. Kb1 b5 18. Rd2 Qa5 19. Nc1 Nc5 20. Bc2 b4 21. Nd1 Nf6 22.
Nb3 Nxb3 23. Bxb3 Bd7 24. Bc4 Bb5 25. Rc2 Rfc8 26. Qe2 Ra7 27. Nf2 Bxc4 28.
Rxc4 Rxc4 29. Qxc4 Rc7 30. Qb3 Qb5 31. Nd3 a5 32. a4 Qb6 33. Rc1 Rxc1+ 34. Nxc1
Nd7 35. Qc4 Kf7 36. Qc8 Ke7 37. Nb3 h6 38. Ka2 g5 39. Qa8 Nc5 40. Nxa5 Nd3 41.
Nc6+ Kd7 42. Kb3 Nc1+ 43. Kc2 b3+ 44. Kxc1 Qe3+ 45. Kd1 Qg1+ 46. Kd2 Qe3+ 47.
Kd1 1/2-1/2

[Event "8. Magistral Comunic"]
[Site "Sao Paulo BRA"]
[Date "2004.10.17"]
[Round "4.1"]
[White "Fernandez, Daniel"]
[Black "Crosa, Martin"]
[Result "1/2-1/2"]
[WhiteElo "2391"]
[BlackElo "2400"]
[PlyCount "25"]
[EventDate "2004.10.14"]
[Source "lmi"]
[SourceDate "2004.10.22"]

1. e4 c5 2. Nf3 Nc6 3. d4 cxd4 4. Nxd4 Nf6 5. Nc3 e5 6. Ndb5 d6 7. Bg5 a6 8.
Na3 b5 9. Bxf6 gxf6 10. Nd5 f5 11. Bd3 Be6 12. Qh5 Rg8 13. g3 1/2-1/2

[Event "8. Magistral Comunic"]
[Site "Sao Paulo BRA"]
[Date "2004.10.17"]
[Round "4.2"]
[White "De Souza, Mauro Guimaraes"]
[Black "D'Israel, Davy Maurice"]
[Result "1-0"]
[WhiteElo "2373"]
[BlackElo "2267"]
[PlyCount "71"]
[EventDate "2004.10.14"]
[Source "lmi"]
[SourceDate "2004.10.22"]

1. d4 Nf6 2. Nf3 e6 3. c4 Bb4+ 4. Nbd2 b6 5. a3 Bxd2+ 6. Bxd2 Bb7 7. Bg5 h6 8.
Bh4 d6 9. e3 Nbd7 10. Bd3 g5 11. Bg3 Ne4 12. Qc2 f5 13. O-O-O h5 14. h3 Qf6 15.
Rhe1 O-O-O 16. Bh2 g4 17. Ng1 Rdg8 18. f3 gxf3 19. gxf3 Ng3 20. Qa4 a6 21. c5
dxc5 22. Bxa6 Bxa6 23. Qxa6+ Kb8 24. Bxg3 Rxg3 25. Ne2 Rg7 26. Nc3 e5 27. d5 c6
28. Na4 cxd5 29. Rxd5 Qc6 30. Red1 Rh6 31. Nc3 Qc8 32. Qa4 Rc6 33. Nb5 Qb7 34.
Nd6 Rxd6 35. Rxd6 b5 36. Qa5 1-0

[Event "8. Magistral Comunic"]
[Site "Sao Paulo BRA"]
[Date "2004.10.17"]
[Round "4.3"]
[White "Matsuura, Everaldo"]
[Black "Sega, Carlos Alberto"]
[Result "1-0"]
[WhiteElo "2474"]
[BlackElo "2327"]
[PlyCount "75"]
[EventDate "2004.10.14"]
[Source "lmi"]
[SourceDate "2004.10.22"]

1. e4 e5 2. Nc3 Nf6 3. f4 d5 4. fxe5 Nxe4 5. Nf3 Be7 6. Qe2 Nxc3 7. dxc3 O-O 8.
Bf4 c5 9. O-O-O Nc6 10. Qe1 Qa5 11. Kb1 d4 12. Nd2 Be6 13. c4 b5 14. Qe4 Rfc8
15. a3 b4 16. a4 b3 17. cxb3 g6 18. Qf3 Rab8 19. Bd3 Qc7 20. Qg3 Nb4 21. Be4
Rb6 22. Rdf1 Bf8 23. Bg5 Bg7 24. Bf6 Nc6 25. Bxc6 Qxc6 26. Bxg7 Kxg7 27. Rf6
Rcb8 28. Rhf1 R6b7 29. h4 d3 30. h5 Qd7 31. h6+ Kg8 32. R6f3 Rxb3 33. Nxb3 Rxb3
34. Qg5 Qd4 35. R1f2 Bxc4 36. Qf6 Rxb2+ 37. Rxb2 Ba2+ 38. Rxa2 1-0

[Event "8. Magistral Comunic"]
[Site "Sao Paulo BRA"]
[Date "2004.10.17"]
[Round "4.4"]
[White "Rodi, Luis Ernesto"]
[Black "Haro de Souza, Paulo Cezar"]
[Result "1-0"]
[WhiteElo "2297"]
[BlackElo "2263"]
[PlyCount "139"]
[EventDate "2004.10.14"]
[Source "lmi"]
[SourceDate "2004.10.22"]

1. f4 d5 2. Nf3 g6 3. g3 Bg7 4. Bg2 c5 5. d3 Nh6 6. O-O Nc6 7. Nc3 O-O 8. a3
Nf5 9. Rb1 Rb8 10. Qe1 a5 11. Bd2 b6 12. Nxd5 Ncd4 13. Nxd4 cxd4 14. e4 dxe3
15. Nxe3 Qc7 16. Rf2 Re8 17. Nxf5 Bxf5 18. Bc3 Rbc8 19. Bxg7 Kxg7 20. Be4 Qd7
21. Bxf5 gxf5 22. Re2 e6 23. Qf2 Rc6 24. d4 Rec8 25. c3 b5 26. Rd1 b4 27. axb4
axb4 28. cxb4 Rc4 29. d5 exd5 30. Red2 Rxb4 31. Rxd5 Qe6 32. Re5 Qf6 33. Re2
Rcb8 34. Rdd2 Qc6 35. Qe3 R8b5 36. Qc3+ Qxc3 37. bxc3 Rc4 38. Rc2 Rd5 39. Kf2
Kf6 40. Re3 h5 41. Ke2 h4 42. Rd3 Rdc5 43. Kd2 Rc6 44. Rd4 R4c5 45. c4 hxg3 46.
hxg3 Kg6 47. Kd3 Re6 48. Rd5 Rxd5+ 49. cxd5 Re1 50. Kd4 Kf6 51. Rc3 Rd1+ 52.
Kc5 Ke7 53. Ra3 Rc1+ 54. Kd4 Rd1+ 55. Ke5 f6+ 56. Kxf5 Rxd5+ 57. Kg6 f5 58.
Re3+ Kd6 59. Kf6 Kd7 60. Ra3 Kd6 61. Ra6+ Kd7 62. Ra7+ Kd6 63. Rg7 Kc5 64. Rg5
Kd4 65. Rxf5 Rd8 66. Kg7 Ke4 67. Re5+ Kf3 68. f5 Kxg3 69. f6 Kf4 70. Ra5 1-0

[Event "8. Magistral Comunic"]
[Site "Sao Paulo BRA"]
[Date "2004.10.17"]
[Round "4.5"]
[White "Santos, Marcus Vinicius"]
[Black "Tsuboi, Edson Kenji"]
[Result "1-0"]
[WhiteElo "2334"]
[BlackElo "2387"]
[PlyCount "117"]
[EventDate "2004.10.14"]
[Source "lmi"]
[SourceDate "2004.10.22"]

1. d4 Nf6 2. c4 e6 3. Nc3 Bb4 4. e3 c5 5. a3 Bxc3+ 6. bxc3 b6 7. Bd3 Bb7 8. f3
Nc6 9. Ne2 O-O 10. e4 Ne8 11. O-O Rc8 12. f4 f5 13. dxc5 bxc5 14. Be3 Na5 15.
exf5 exf5 16. Ng3 g6 17. Rb1 Nd6 18. Bf2 Qc7 19. Be2 Ba8 20. Qa4 Rfe8 21. Rfd1
Re6 22. Bd3 Rce8 23. Bf1 h5 24. h4 Bc6 25. Qc2 Ba8 26. Qa4 Bc6 27. Qc2 Ndxc4
28. Qa2 Qxf4 29. Re1 Rxe1 30. Rxe1 Rxe1 31. Bxe1 Bd5 32. Bf2 Qe5 33. Qb1 Nd2
34. Qb5 Nxf1 35. Nxf1 Nc6 36. Qxc5 Qe6 37. Ne3 Be4 38. Bg3 Qf6 39. Nd5 Bxd5 40.
Qxd5+ Qe6 41. Qd2 d5 42. Qg5 Kf7 43. Qf4 Qe7 44. Kh2 Nd8 45. Qd4 Ne6 46. Qxd5
f4 47. Bf2 Qc7 48. c4 Ke7 49. Kg1 a6 50. c5 Qd7 51. Qe4 Kf7 52. Kh2 Qc7 53. Kh1
Kf6 54. Bd4+ Kf7 55. Qd5 Ke7 56. Bf2 Kf7 57. c6 Ke7 58. Be1 Qd8 59. Bb4+ 1-0

[Event "8. Magistral Comunic"]
[Site "Sao Paulo BRA"]
[Date "2004.10.18"]
[Round "5.1"]
[White "Tsuboi, Edson Kenji"]
[Black "Fernandez, Daniel"]
[Result "1-0"]
[WhiteElo "2387"]
[BlackElo "2391"]
[PlyCount "39"]
[EventDate "2004.10.14"]
[Source "lmi"]
[SourceDate "2004.10.22"]

1. e4 c5 2. Nf3 e6 3. d3 Nc6 4. g3 d5 5. Nbd2 Bd6 6. Bg2 Nge7 7. O-O O-O 8. Re1
f6 9. c3 b5 10. a4 b4 11. exd5 exd5 12. Nb3 Rb8 13. Be3 bxc3 14. bxc3 Qb6 15.
Rb1 Nf5 16. Nh4 Nxe3 17. Rxe3 Ne7 18. Rxe7 Bxe7 19. Nd2 Qd6 20. Rxb8 1-0

[Event "8. Magistral Comunic"]
[Site "Sao Paulo BRA"]
[Date "2004.10.18"]
[Round "5.2"]
[White "Haro de Souza, Paulo Cezar"]
[Black "Santos, Marcus Vinicius"]
[Result "1-0"]
[WhiteElo "2263"]
[BlackElo "2334"]
[PlyCount "67"]
[EventDate "2004.10.14"]
[Source "lmi"]
[SourceDate "2004.10.22"]

1. d4 d5 2. c4 c6 3. cxd5 cxd5 4. Nc3 Nf6 5. Bf4 Nc6 6. e3 a6 7. Bd3 Bg4 8. Nf3
e6 9. Qb3 Bxf3 10. gxf3 b5 11. Nxb5 axb5 12. Bxb5 Qb6 13. Rc1 Rc8 14. O-O Ke7
15. Qa4 g5 16. Bg3 Nh5 17. Bxc6 Nxg3 18. hxg3 Kf6 19. e4 dxe4 20. Bxe4 Rxc1 21.
Rxc1 Qxb2 22. Rb1 Qc3 23. Rb7 Be7 24. Qa7 Qa3 25. Qb6 Rc8 26. Qb5 Kg7 27. Qd7
Rc1+ 28. Kg2 Kf8 29. Rb8+ Kg7 30. Qe8 f5 31. Qg8+ Kf6 32. Qh8+ Kf7 33. Qxh7+
Kf6 34. Rg8 1-0

[Event "8. Magistral Comunic"]
[Site "Sao Paulo BRA"]
[Date "2004.10.18"]
[Round "5.3"]
[White "Sega, Carlos Alberto"]
[Black "Rodi, Luis Ernesto"]
[Result "0-1"]
[WhiteElo "2327"]
[BlackElo "2297"]
[PlyCount "50"]
[EventDate "2004.10.14"]
[Source "lmi"]
[SourceDate "2004.10.22"]

1. d4 f5 2. g3 Nf6 3. Bg2 g6 4. Nf3 Bg7 5. O-O O-O 6. Nbd2 Qe8 7. b3 d6 8. Bb2
Nc6 9. Nc4 h6 10. Nfd2 g5 11. e4 f4 12. d5 b5 13. e5 Ng4 14. dxc6 bxc4 15. Nxc4
f3 16. Bxf3 Qh5 17. h4 gxh4 18. Kg2 Be6 19. Rh1 h3+ 20. Kg1 Rxf3 21. Qxf3 Rf8
22. Qe2 h2+ 23. Kf1 Rxf2+ 24. Qxf2 Nxf2 25. Kxf2 Bd5 0-1

[Event "8. Magistral Comunic"]
[Site "Sao Paulo BRA"]
[Date "2004.10.18"]
[Round "5.4"]
[White "D'Israel, Davy Maurice"]
[Black "Matsuura, Everaldo"]
[Result "0-1"]
[WhiteElo "2267"]
[BlackElo "2474"]
[PlyCount "68"]
[EventDate "2004.10.14"]
[Source "lmi"]
[SourceDate "2004.10.22"]

1. d4 Nf6 2. c4 g6 3. Nc3 Bg7 4. e4 d6 5. Be2 O-O 6. Bg5 Na6 7. Qd2 e5 8. d5 c6
9. f3 cxd5 10. cxd5 Bd7 11. Bxa6 bxa6 12. Nge2 a5 13. b3 Qb6 14. Be3 Qa6 15.
O-O Ne8 16. Rfc1 f5 17. h3 f4 18. Bf2 g5 19. Na4 h5 20. Rc2 g4 21. Rac1 Rf6 22.
Kh1 Rg6 23. Ng1 gxf3 24. gxf3 Bf6 25. Kh2 Rc8 26. Rxc8 Bxc8 27. Be1 Bd7 28. Nc3
Bd8 29. Qe2 Qb7 30. Qc4 Bb6 31. Nce2 Be3 32. Rd1 Bb5 33. Qc2 Qg7 34. Bh4 Bf2
0-1

[Event "8. Magistral Comunic"]
[Site "Sao Paulo BRA"]
[Date "2004.10.18"]
[Round "5.5"]
[White "Crosa, Martin"]
[Black "De Souza, Mauro Guimaraes"]
[Result "1-0"]
[WhiteElo "2400"]
[BlackElo "2373"]
[PlyCount "63"]
[EventDate "2004.10.14"]
[Source "lmi"]
[SourceDate "2004.10.22"]

1. e4 e5 2. Nf3 Nc6 3. d4 exd4 4. Nxd4 Bc5 5. Nxc6 Qf6 6. Qd2 dxc6 7. Nc3 Be6
8. Na4 Bd6 9. Bd3 Ne7 10. Qg5 Qxg5 11. Bxg5 f6 12. Be3 b6 13. f4 O-O-O 14.
O-O-O c5 15. a3 Nc6 16. Rhe1 Rhe8 17. Nc3 Kb7 18. h3 a6 19. Bf1 h6 20. g3 g5
21. e5 gxf4 22. exd6 fxe3 23. dxc7 Rxd1+ 24. Nxd1 Ne5 25. Nxe3 a5 26. Bg2+ Kxc7
27. Rf1 Rf8 28. g4 Kd6 29. Bd5 Bxd5 30. Rd1 Ke6 31. Nxd5 Nd7 32. Nf4+ 1-0